1040 1659 1459 1721 1227 1166 1541 1983 1658 1069 1643 1501 1170 1963 1048 1201 1087 1321 1013 1716 1624 1181 1853 1457 1260 1378 1804 1252 1223 1331 1541 1360 1391 1175 1723 1644 1775 1512 1989 1138 1495 1152 1395 1273 1619 1890 1135 1788 1932 1931 1855 1001 1400 1257 1483 1638 1911 1277 1195 1925 1153 1974 1064 1816 1726 1650 1321 1210 1164 1110 1863 1626 1539 1079 1453 1548 1818 1896 1284 1878 1456 1591 1178 1499 1268 1991 1357 1904 1520 1631 1986 1579 1702 1685 1184 1996 1089 1418 1387 BCNSPRNW ULIB Ver.6.0+V

เปลี่ยนเป็นภาษาไทย

Change to English
 แสดงรายละเอียดบรรณานุกรม
  กลับหน้าหลัก

Brief Record : Get Marc (ISO 2709) : E-mail record : QR code < ปิดหน้าต่าง
LEADER : 00000nam 2200000uu 4500
001    13399114355
003     ULIB
008    110627s||||||||th 000 0 tha d
020    9789748327747
090    นว.^bค949ส ล.5
100 0  หวัง ซุก หยัง
245 00 สามก๊ก 5 ตอน ผู้ยิ่งใหญ่แห่งกังตั๋ง/^cหวัง ซุก หยัง
250    พิมพ์ครั้งที่ 1
260    กรุงเทพฯ :^bนานมีบุ๊คส์,^c2551
300    176 หน้า
710 1  นานมีบุ๊คส์
945    ^p158^l0^i024705
995    ทศพร
999 ^a ใช้งานได้ทุกระบบ
รายการนี้ยังไม่มีแท็ก
คุณยังไม่ได้ล็อกอิน คุณสามารถมีกิจกรรมร่วมกับเว็บไซต์ได้ แต่ต้องล็อกอินก่อน ::
  ล็อกอิน

รายการสื่อสารสนเทศ

ลำดับที่ ประเภท เลขเรียก/บาร์โค้ด สถานที่ สถานะ
1. นวนิยาย
นวนิยาย
นว. ค949ส ล.5 ฉ.1 
  Barcode: 024705
ห้องสมุดวิทยาเขตสวรรค์ประชารักษ์
►นวนิยาย
บนชั้น
  ขอยืม

รายการใกล้เคียง
    ผู้แต่ง [หวัง ซุก หยัง]

BibComment


ยังไม่เคยถูกคอมเมนท์

คอมเมนท์ทรัพยากรรายการนี้
  คอมเมนท์: สามก๊ก 5 ตอน ผู้ย..


 Copyright 2026. Bcnsprnw @Library